Quizzes
Events
Quiz Creation
Community
Videos
Private Events
Remove Ads
Sign In
Join for FREE
Feedback
Dark Mode
Quiz Categories
Sports
Geography
Music
Movies
Television
Just For Fun
Miscellaneous
History
Literature
Language
Science
Gaming
Entertainment
Religion
Holiday
For Kids
Quiz Lab
Recent
Popular Today
Quiz Kudos Today
Editor Picks
Curator Picks
Quizzes by...
Day
Popularity
Type
Ratings
Length
Year
Community
Subscriptions
Recent Discussions
Orange Saloon
Badges
Playlists
Quests
Create
Leaderboards
Showdown
Live 5
Trivia Bingo
Activity
Puzzle Library
Sporcle Events
Private Events
Virtual Trivia
Globe League
Become a Host
Pub Owners
SporcleCon
Opinionation
Our Games
Videos
Blog
Mobile Apps
Partnerships
Remove Ads and Go Orange
Feedback
Sports
Athletes
MLB
NBA
NHL
NFL
Soccer
Sports Teams
WWE
NCAA
Football
Premier League
Basketball
Baseball
Hockey
Golf
Tennis
Cricket
Rugby
Auto Racing
Olympics
World Cup
Sports
Athletes
MLB
NBA
NHL
NFL
Soccer
Sports Teams
WWE
NCAA
Football
Premier League
Basketball
Baseball
Hockey
Golf
Tennis
Cricket
Rugby
Auto Racing
Olympics
World Cup
Random Quiz
Search Sporcle
×
Quiz Lab
Quiz Lab
Sports
Football
Type in answers that appear in a list
Type in answers that appear in a list
Classic
Best Score? Go Orange.
CFL Yearly TD Passes 1990's Stats
Can you name the top 10 passing TD leaders in the CFL for the 1990's?
By
wgert
10m
104 Questions
76 Plays
76 Plays
76 Plays
Comments
Comments
Give Quiz Kudos
Give Quiz Kudos
-
- Ratings
hide this ad
More Info
Replay
Link that replays current quiz
Next Quiz
Link to next quiz in quiz playlist
You Got
0%
They Got
Avg Score
78%
Avg Friend Score
Upgrade to see
Score Distribution
Jump to the score distribution portion of the page
Score
0/104
Timer
10:00
0
Plays Today
Year
Player
% Correct
1990
Doug Flutie
98.7%
1991
Doug Flutie
98.7%
1992
Doug Flutie
98.7%
1993
Doug Flutie
98.7%
1994
Doug Flutie
98.7%
1996
Doug Flutie
98.7%
1997
Doug Flutie
98.7%
1990
Damon Allen
93.4%
1991
Damon Allen
93.4%
1992
Damon Allen
93.4%
1993
Damon Allen
93.4%
1994
Damon Allen
93.4%
1995
Damon Allen
93.4%
1996
Damon Allen
93.4%
1997
Damon Allen
93.4%
1998
Damon Allen
93.4%
1999
Damon Allen
93.4%
1990
Tracy Ham
92.1%
1991
Tracy Ham
92.1%
1992
Tracy Ham
92.1%
1993
Tracy Ham
92.1%
1994
Tracy Ham
92.1%
1995
Tracy Ham
92.1%
1996
Tracy Ham
92.1%
1997
Tracy Ham
92.1%
1998
Tracy Ham
92.1%
1999
Tracy Ham
92.1%
1990
Matt Dunigan
90.8%
1991
Matt Dunigan
90.8%
1992
Matt Dunigan
90.8%
1993
Matt Dunigan
90.8%
1994
Matt Dunigan
90.8%
1995
Matt Dunigan
90.8%
1996
Matt Dunigan
90.8%
1994
Anthony Calvillo
88.2%
Year
Player
% Correct
1995
Jeff Garcia
88.2%
1996
Jeff Garcia
88.2%
1996
Anthony Calvillo
88.2%
1997
Jeff Garcia
88.2%
1997
Anthony Calvillo
88.2%
1998
Jeff Garcia
88.2%
1998
Anthony Calvillo
88.2%
1999
Anthony Calvillo
88.2%
1993
Danny McManus
86.8%
1995
Danny McManus
86.8%
1996
Danny McManus
86.8%
1997
Danny McManus
86.8%
1998
Danny McManus
86.8%
1999
Danny McManus
86.8%
1990
Kent Austin
84.2%
1991
Kent Austin
84.2%
1992
Kent Austin
84.2%
1993
Kent Austin
84.2%
1994
Kent Austin
84.2%
1995
Kent Austin
84.2%
1993
David Archer
77.6%
1994
David Archer
77.6%
1995
David Archer
77.6%
1996
David Archer
77.6%
1998
David Archer
77.6%
1998
Dave Dickenson
77.6%
1999
Dave Dickenson
77.6%
1990
Danny Barrett
76.3%
1991
Danny Barrett
76.3%
1991
Warren Jones
76.3%
1992
Danny Barrett
76.3%
1993
Danny Barrett
76.3%
1994
Danny Barrett
76.3%
1995
Warren Jones
76.3%
1996
Danny Barrett
76.3%
Year
Player
% Correct
1995
Kerwin Bell
73.7%
1998
Kerwin Bell
73.7%
1999
Kerwin Bell
73.7%
1999
Nealon Greene
73.7%
1990
Tom Burgess
71.1%
1991
Tom Burgess
71.1%
1992
Tom Burgess
71.1%
1993
Tom Burgess
71.1%
1994
Tom Burgess
71.1%
1990
Rickey Foggie
68.4%
1991
Rickey Foggie
68.4%
1992
Rickey Foggie
68.4%
1990
Mike Kerrigan
65.8%
1991
Mike Kerrigan
65.8%
1993
Mike Kerrigan
65.8%
1994
Mike Kerrigan
65.8%
1996
Reggie Slack
65.8%
1997
Reggie Slack
65.8%
1998
Reggie Slack
65.8%
1999
Reggie Slack
65.8%
1990
Joe Paopao
57.9%
1995
Billy Tolliver
53.9%
1992
Mike Johnson
52.6%
1997
Kevin Mason
50%
1999
Steve Sarkisian
50%
1997
Chris Vargas
47.4%
1992
Tom Muecke
46.1%
1996
Jimmy Kemp
46.1%
1997
Kevin McDougal
46.1%
1998
Jimmy Kemp
46.1%
1999
Mike McCoy
46.1%
1999
Jay Barker
46.1%
1999
Jimmy Kemp
46.1%
1992
Tony Kimbrough
44.7%
Quiz Playlist
Details
Report
Send in Message
Add To Playlist
More Info:
There was a tie for 10th place in certain years and in that case both QB's were included.
Classic:
Type in answers that appear in a list
Quiz Source
Last Updated: May 24, 2020
Quiz Scoreboard
CHALLENGE
Sign Up to Join the Scoreboard
Show All
Scores
Hide
Comments
May contain spoilers
Recently Published
9x9 Crossword: Cartoon Network
by jackfrog10
Miscellaneous
3m
College Basketball Coaching Resumes
by pancakes188
Sports
9m
Billboard Blitz: Fleetwood Mac
by CooCooCachoo
Music
15s
More to Explore
Quiz From the Vault
Featured Blog Post
Where Did the Easter Bunny Come From?
hide this ad
You Might Also Like...
Tags
Canada Quiz
Football Quiz
1000 Yard
cfl
Receiver
Receiving Yards
Statistical Leaders
Top 10
Wide Receivers
Yard Leaders
Today's Top Quizzes in Sports
Browse Sports
hide this ad
Today's Top Quizzes in Football
Browse Football
Top Contributed Quizzes in Sports
1
2022 World Cup Stars
2
Les meilleurs buteurs des matchs entre le PSG et l’OM
3
FIFA Club World Cup Champions
4
Les entraîneurs de l'OM et du PSG au 21e siècle
5
Criteria MLB: Left Handed Sluggers
6
AFC Teams Reveal (Wrong Answers Minefield)
7
2023 MLB Unique Player Accomplishments
8
5-to-1: FBS Animal Nicknames
9
Players with Multiple 50 Home Run Seasons
10
5-to-1: UK Sports Teams
Explore More
Trending Topics
Anime
NBA
Disney
Marvel
Crossword
Kpop
Harry Potter
Song
WWE
NFL
Pokémon
Soccer
Puzzle
The Office
Country
hide this ad
More By:
wgert
Quiz
Plays
Rating
Category
Featured
Created
NHL Leading Goal Scorers (1980-2000)
4,936
4.58
Sports
Dec 6, 2009
James Bond Villain Cause of Death
1,897
4.25
Movies
Mar 25, 2010
WWE Legends of Wrestlemania
1,432
1.75
Gaming
Nov 24, 2009
WWF roster in April 1987
1,081
3.18
Sports
Nov 16, 2009
CFL 3,000 yard passers
696
4.67
Sports
Nov 20, 2009
Go to Creator's Profile
Score Distribution
Quiz Creator Spotlight
wgert
Follow
Send a Message
Quizzes Created
-
Created Quiz Play Count
-
More By This Creator
Popular Quizzes Today
1
Find the US States - No Outlines Minefield
2
Find the Countries of Europe - No Outlines Minefield
3
The Countries of the World
4
Find the US States
5
Risky Map Clicking: Biggest States A-Z
6
US States
7
Popular People in 1961
8
Movies - When Are They Set?
More Sports Quizzes
Athletes by Retired Number (NBA)
Quiz Lab
Trending Quizzes
Risky Map Clicking: Least Populous States A-Z
1-10 Letter G Words
1-10 Letter F Words
Risky Map Clicking: Next State Alphabetically
Adjectives in 80s TV Shows
Recently Updated
Leaping Animals
pecheneg
Reality TV Shows (A-Z)
bhenderson79
Rickey Henderson's Hall of Fame Teammates
pecheneg
Champions League XIs: Arsenal
pecheneg
Quick Pick: Celebrities in WWE's Hall of Fame
aduchscher
A-Z Keypad Blitz II
pecheneg
Multiple Oscar Actors
pecheneg
Mystery Phrase Blitz: Oscar 'Best Actors'
pecheneg
F. Scott Fitzgerald Novels
LTH
Pick 3 Villains
ddd62291
Trending Topics
Kpop
NBA
Harry Potter
Disney
Anime
Marvel
Crossword
NFL
WWE
Soccer
Puzzle
Song
The Office
Pokémon
Country
Your Account Isn't Verified!
In order to create a playlist on Sporcle, you need to verify the email address you used during registration. Go to your
Sporcle Settings
to finish the process.
Report this User
Report this user for behavior that violates our
Community Guidelines
.
Details:
Send Report
Go to the Sporcle.com Mobile Site →
Comments